| 000 | 00677na a2200229 4500 | ||
|---|---|---|---|
| 001 | 19423 | ||
| 003 | MIRAKIL | ||
| 005 | 20181213155221.0 | ||
| 008 | 161214b tu 000 0 | ||
| 035 | _a19423 | ||
| 040 |
_aMilas _btur _cTR-AnCHP |
||
| 041 | _atur | ||
| 082 |
_a320.09561 _bK26i [1970?] |
||
| 090 | _a320.09561 K26i [1970?] | ||
| 100 |
_aKargılı, Celal _d1935-1976 |
||
| 245 |
_aİşte Türkiye ve kurtuluş yolu _cCelal Kargılı |
||
| 260 |
_aAnkara _b[yayl.y.] _c[1970?] _fNüve Matbaası |
||
| 300 |
_a71 s. _c20 sm. |
||
| 650 |
_aSiyaset ve yönetim _xYorum ve eleştiri _zTürkiye |
||
| 650 |
_aSiyaset ve yönetim _xTarih _zTürkiye |
||
| 942 |
_2ddc _cBKS |
||
| 999 |
_c8686 _d8686 |
||